Vista normal Vista MARC

Entrada Personal Name

Número de registros utilizados en: 1

001 - CONTROL NUMBER

  • control field: 40629

003 - CONTROL NUMBER IDENTIFIER

  • control field: OSt

005 - DATE AND TIME OF LATEST TRANSACTION

  • control field: 20210917181431.0

008 - FIXED-LENGTH DATA ELEMENTS

  • fixed length control field: 210917|| aca||aabn | a|a d

040 ## - CATALOGING SOURCE

  • Original cataloging agency: OSt
  • Transcribing agency: OSt

100 ## - HEADING--PERSONAL NAME

  • Personal name: Due, John F.

670 ## - SOURCE DATA FOUND

  • Source citation: Work cat.: (OSt)8581: Shoup, Carl Summer, 17689 autor, The fiscal system of Venezuela : , 1959